| 000 -LEADER |
| fixed length control field |
00645cam a22002174a 4500 |
| 020 ## - INTERNATIONAL STANDARD BOOK NUMBER |
| ISBN |
1870098773 (pbk) |
| 040 ## - CATALOGING SOURCE |
| Transcribing agency |
DLC |
| 082 ## - DEWEY DECIMAL CLASSIFICATION NUMBER |
| Classification number |
711 PUB 1999 C147 Or. |
| 100 1# - MAIN ENTRY--AUTHOR NAME |
| Personal name |
Girardet, Herbert. |
| 245 10 - TITLE STATEMENT |
| Title |
Creating sustainable cities / |
| 260 ## - PUBLICATION, DISTRIBUTION, ETC. (IMPRINT) |
| Place of publication |
Totnes, Devon : |
| Name of publisher |
Published by Green Books for The Schumacher Society, |
| Year of publication |
1999. |
| 300 ## - PHYSICAL DESCRIPTION |
| Number of Pages |
77 p. ; |
| Dimensions |
21 cm. |
| 490 1# - SERIES STATEMENT |
| Series statement |
Schumacher briefings ; |
| 650 #0 - SUBJECT ADDED ENTRY--TOPICAL TERM |
| Topical Term |
Urban ecology (Sociology) |
| 650 #0 - SUBJECT ADDED ENTRY--TOPICAL TERM |
| Topical Term |
Cities and towns |
| 650 #0 - SUBJECT ADDED ENTRY--TOPICAL TERM |
| Topical Term |
Sociology, Urban. |
| 650 #0 - SUBJECT ADDED ENTRY--TOPICAL TERM |
| Topical Term |
City planning. |
| 650 #0 - SUBJECT ADDED ENTRY--TOPICAL TERM |
| Topical Term |
Sustainable development. |
| 710 2# - ADDED ENTRY--CORPORATE NAME |
| Corporate name or jurisdiction name as entry element |
Schumacher Society (Great Britain) |
| 942 ## - ADDED ENTRY ELEMENTS (KOHA) |
| Koha item type |
ADB |
| 952 ## - LOCATION AND ITEM INFORMATION (KOHA) |
| Withdrawn status [LOCAL, KOHA] |
0 |